000 01516nam a2200373Ia 4500
001 ebr10667748
003 CaPaEBR
006 m u
007 cr cn|||||||||
008 130116s2013 ne a sb 001 0 eng d
010 _z 2012047441
020 _z9789004247772
020 _z9789004230606 (hardback : alk. paper)
040 _aCaPaEBR
_cCaPaEBR
035 _a(OCoLC)829993852
041 1 _aeng
_hjpn
050 1 4 _aGN479.6
_b.S4313 2013eb
082 0 4 _a306.85/8095
_223
100 1 _aSechiyama, Kaku,
_d1963-
240 1 0 _aHigashi Ajia no kafuchosei.
_lEnglish
245 1 0 _aPatriarchy in East Asia
_h[electronic resource] :
_ba comparative sociology of gender /
_cby Sechiyama Kaku ; translated by James Smith.
260 _aLeiden, The Netherlands ;
_aBoston, MA :
_bBRILL,
_cc2013.
300 _axvi, 329 p. :
_bill.
490 0 _aThe intimate and the public in Asian and global perspectives
504 _aIncludes bibliographical references and index.
533 _aElectronic reproduction.
_bPalo Alto, Calif. :
_cebrary,
_d2013.
_nAvailable via World Wide Web.
_nAccess may be limited to ebrary affiliated libraries.
650 0 _aPatriarchy
_zEast Asia.
650 0 _aFamilies
_zEast Asia.
650 0 _aSocial discrimination
_zEast Asia.
650 0 _aMarried women
_zEast Asia.
655 7 _aElectronic books.
_2local
710 2 _aebrary, Inc.
856 4 0 _uhttp://site.ebrary.com/lib/rucke/Doc?id=10667748
_zAn electronic book accessible through the World Wide Web; click to view
999 _c61426
_d61426